Normal view
MARC view
Entry Topical Term
001 - CONTROL NUMBER
- control field: 20514
003 - CONTROL NUMBER IDENTIFIER
- control field: ARRUPE
005 - DATE AND TIME OF LATEST TRANSACTION
- control field: 20151024124831.0
008 - FIXED-LENGTH DATA ELEMENTS
- fixed length control field: 151024|| aca||aabn | a|a d
040 ## - CATALOGING SOURCE
- Original cataloging agency: ARRUPE
- Transcribing agency: ARRUPE
150 ## - HEADING--TOPICAL TERM
- Topical term or geographic name as entry element: Pentecostalism
- Geographic subdivision: Africa.
670 ## - SOURCE DATA FOUND
- Source citation: Work cat.: (ARRUPE)0: Gifford, Paul, 1944- author. 20511, Christianity, development and modernity in Africa /